<?xml version="1.0" encoding="UTF-8"?>
<marc:record xmlns:marc="http://www.loc.gov/MARC21/slim">
   <marc:leader>00000nam a2200000 a 4500</marc:leader>
   <marc:datafield ind1="1" ind2=" " tag="100">
      <marc:subfield code="a">Reffert, Thilo</marc:subfield>
      <marc:subfield code="4">aut</marc:subfield>
      <marc:subfield code="e">Verfasser/-in</marc:subfield>
   </marc:datafield>
   <marc:datafield ind1=" " ind2=" " tag="653">
      <marc:subfield code="a">Kinderbuch</marc:subfield>
   </marc:datafield>
   <marc:datafield ind1=" " ind2=" " tag="653">
      <marc:subfield code="a">Hund</marc:subfield>
   </marc:datafield>
   <marc:datafield ind1=" " ind2=" " tag="653">
      <marc:subfield code="a">Kind</marc:subfield>
   </marc:datafield>
   <marc:datafield ind1=" " ind2=" " tag="653">
      <marc:subfield code="a">Außerirdische Intelligenz</marc:subfield>
   </marc:datafield>
   <marc:datafield ind1=" " ind2=" " tag="653">
      <marc:subfield code="a">Erzählung</marc:subfield>
   </marc:datafield>
   <marc:datafield ind1=" " ind2=" " tag="653">
      <marc:subfield code="a">Fahrgast</marc:subfield>
   </marc:datafield>
   <marc:datafield ind1=" " ind2=" " tag="653">
      <marc:subfield code="a">Mehrperspektivisches Erzählen</marc:subfield>
   </marc:datafield>
   <marc:datafield ind1=" " ind2=" " tag="653">
      <marc:subfield code="a">Omnibus</marc:subfield>
   </marc:datafield>
   <marc:datafield ind1=" " ind2=" " tag="653">
      <marc:subfield code="a">Omnibusfahrer</marc:subfield>
   </marc:datafield>
   <marc:datafield ind1=" " ind2=" " tag="653">
      <marc:subfield code="a">Omnibusfahrt</marc:subfield>
   </marc:datafield>
   <marc:datafield ind1=" " ind2=" " tag="653">
      <marc:subfield code="a">Wahrnehmung</marc:subfield>
   </marc:datafield>
   <marc:datafield ind1="0" ind2="0" tag="245">
      <marc:subfield code="a">Linie 912</marc:subfield>
   </marc:datafield>
   <marc:datafield ind1=" " ind2="1" tag="264">
      <marc:subfield code="b">Klett Kinderbuch</marc:subfield>
      <marc:subfield code="c">2018</marc:subfield>
   </marc:datafield>
   <marc:datafield ind1="1" ind2=" " tag="520">
      <marc:subfield code="a">Quelle: 1000 und 1 Buch (http://www.1001buch.at/);  Autor: Franz Lettner;  Leon hat kein Handy bekommen, eine Party wird es auch nicht geben, und die Muffins für seine MitschülerInnen hat er selbst gebacken  Als der Junge um 7:31 in der Station Poststraße in den 912er steigt, sitzt der große Kerl, der immer aussieht, als würde er gleich einschlafen, auf Leos Stammplatz. Und Nuno, sein ehemals bester Freund, ignoriert ihn wie schon seit Wochen. Hinter dem Lenkrad sitzt dazu noch der Bärtige, der immer eine Sonnenbrille auf hat und nie lächelt. Was für ein Kack-Geburtstags-Tag! Eine halbe Stunde lässt der Hörspiel- und Bühnenautor Thilo Reffert die LeserInnen mit einem Linienbus fahren, Menschen ein- und austeigen und erzählt zehn Mal aus jeweils anderer Perspektive über diese Fahrt. Dabei ergänzen, erhellen und bereichern die Berichte einander nicht nur, höchst überraschend ist auch, wie viel im Rahmen einer räumlich wie zeitlich so überschaubaren Inszenierung erzählt werden kann. Thilo Refferts bringt Menschen zusammen, lässt die LeserInnen in ihre Köpfe und Herzen schauen und Leerstellen sowie ein paar Zufälle walten. Das reicht schon, um eine ganze kleine Welt entstehen zu lassen. Und jene der Mitfahrenden mehr oder weniger zu verändern: Sie finden einander (wieder), machen bedeutende Erfahrungen, steigen an der falschen Haltestelle aus, schlagen neue Richtungen ein. Was für eine literarisch gewitzte Versuchsanordnung.</marc:subfield>
   </marc:datafield>
   <marc:datafield ind1=" " ind2=" " tag="020">
      <marc:subfield code="a">9783954702015</marc:subfield>
      <marc:subfield code="9">9783954702015</marc:subfield>
   </marc:datafield>
</marc:record>
